Città degli Europei - Quiz con mappa - Statistics

Statistiche generali
  • Questo quiz è stato fatto 47 volte
  • Il punteggio medio è 47 su 83
Risposte nella Mappa
Le risposte nella mappa del quiz sottostante sono codificate secondo una scala di colori dal rosso al verde in base alla % di persone che hanno risposto correttamente.
 
Statistiche sulle risposte
Città % Corretto
Milano
98%
Roma
98%
Firenze
96%
Londra
96%
Madrid
96%
Lisbona
93%
Monaco
93%
Napoli
93%
Barcellona
91%
Manchester
91%
Torino
91%
Bucarest
89%
Parigi
89%
Porto
89%
Berlino
87%
Kiev
87%
Budapest
84%
Berna
82%
Solna
82%
Amsterdam
80%
Liverpool
80%
Nizza
80%
Vienna
80%
Marsiglia
78%
Siviglia
78%
Bruxelles
76%
Copenaghen
76%
Varsavia
76%
Zagabria
76%
Belgrado
73%
Lione
73%
Zurigo
73%
Amburgo
71%
San Pietroburgo
71%
Bordeaux
67%
Francoforte
64%
Ginevra
64%
Rotterdam
64%
Salisburgo
64%
Malmö
62%
Dortmund
60%
Glasgow
60%
Birmingham
56%
Tolosa
56%
Anversa
53%
Nantes
53%
Baku
51%
Danzica
51%
Colonia
49%
Lipsia
49%
Strasburgo
49%
Innsbruck
47%
Stoccarda
47%
Bruges
44%
Lille
44%
Doneck
42%
Dusseldorf
42%
Leopoli
42%
Göteborg
40%
Braga
38%
Newcastle
38%
Basilea
36%
Eindhoven
36%
Nottingham
33%
Leeds
31%
Faro
29%
Hannover
29%
Liegi
29%
Coimbra
24%
Gelsenkirchen
22%
Poznań
22%
Breslavia
20%
Klagenfurt am Wörthersee
20%
Saint-Étienne
20%
Lens
18%
Sheffield
16%
Charkiv
13%
Charleroi
11%
Leiria
11%
Guimarães
9%
Aveiro
7%
Arnhem
4%
Norrköping
4%
Nessun quiz corrispondente trovato
Distribuzione punteggi
Percentuale di utenti per punteggio
Percentile per numero di risposta
I tuoi punteggi nel tempo
Non hai fatto questo quiz